La función de la crítica
Uloženo v:
| Hlavní autor: | |
|---|---|
| Médium: | Kniha |
| Jazyk: | španělština |
| Vydáno: |
Barcelona
Paidós
1999
|
| Edice: | Paidós Studio, 135
|
| Témata: | |
| Tagy: |
Přidat tag
Žádné tagy, Buďte první, kdo vytvoří štítek k tomuto záznamu!
|
MARC
| LEADER | 00000nam a2200000 a 4500 | ||
|---|---|---|---|
| 001 | UCI2834 | ||
| 003 | CL-VaPUC | ||
| 008 | 070928e19990000SP |||||||||||||||||spa|d | ||
| 020 | |a 8449307287 | ||
| 082 | 0 | 4 | |a 801.95 |b EAG |2 21 |
| 100 | 0 | |a Eagleton, Terry |e author |9 524020 | |
| 245 | 1 | 3 | |a La función de la crítica |
| 300 | |a 143 p | ||
| 942 | |c BK | ||
| 945 | |d 20070928 00:00:00 |a rbrito | ||
| 260 | |a Barcelona |b Paidós |c 1999 | ||
| 650 | 0 | |a Crítica literaria |9 269189 | |
| 650 | 0 | |a Análisis literario |9 318386 | |
| 650 | 7 | |a INVESTIGACION LITERARIA |2 CL-VaPUC |9 324493 | |
| 650 | 0 | |a Estética |9 264950 | |
| 583 | |a last modification |c 20070928 00:00:00 |k Rodrigo Vera | ||
| 490 | 0 | |a Paidós Studio, 135 | |
| 999 | |c 327256 |d 327254 | ||
| 952 | |0 0 |1 0 |4 0 |6 801_950000000000000_EAG_1999 |7 0 |8 A |9 409827 |a FDOPOS |b FDOPOS |d 2019-11-22 |i 4373243 |o 801.95 EAG 1999 |p 4373243 |r 2025-01-22 |w 2019-11-22 |y BK |k MLH | ||